| 000 -LEADER |
| fixed length control field |
00831nam a2200229Ia 4500 |
| 001 - CONTROL NUMBER |
| control field |
6395 |
| 003 - CONTROL NUMBER IDENTIFIER |
| control field |
GE_BSU |
| 005 - DATE AND TIME OF LATEST TRANSACTION |
| control field |
20221101113538.0 |
| 008 - FIXED-LENGTH DATA ELEMENTS--GENERAL INFORMATION |
| fixed length control field |
181216s1964ru xx |||||||||||||| ||rus|| |
| 040 ## - CATALOGING SOURCE |
| Transcribing agency |
GE_BSU |
| 041 ## - LANGUAGE CODE |
| Language code of text/sound track or separate title |
rus |
| 080 ## - UNIVERSAL DECIMAL CLASSIFICATION NUMBER |
| Universal Decimal Classification number |
514.12(076.1)(075.8) К-48 |
| 100 ## - MAIN ENTRY--PERSONAL NAME |
| Personal name |
Клетеник, Д.В. |
| 9 (RLIN) |
15687 |
| 245 ## - TITLE STATEMENT |
| Title |
Сборник задач по аналитической геометрии / |
| Statement of responsibility, etc. |
Д.В. Клетеник, Под. ред. Н.В. Ефимова. |
| 264 ## - PRODUCTION, PUBLICATION, DISTRIBUTION, MANUFACTURE, AND COPYRIGHT NOTICE |
| Place of production, publication, distribution, manufacture |
Москва : |
| Name of producer, publisher, distributor, manufacturer |
Наука, |
| Date of production, publication, distribution, manufacture, or copyright notice |
1964. |
| 300 ## - PHYSICAL DESCRIPTION |
| Extent |
254 стр. : |
| Other physical details |
20 см. |
| 653 ## - INDEX TERM--UNCONTROLLED |
| keyword |
Геометрия |
| 653 ## - INDEX TERM--UNCONTROLLED |
| keyword |
Сборник задач по аналитической геометрии |
| 653 ## - INDEX TERM--UNCONTROLLED |
| keyword |
გეომეტრია |
| 700 ## - ADDED ENTRY--PERSONAL NAME |
| Personal name |
Ефимова, Н.В. |
| Relator term |
რედაქტორი |
| 9 (RLIN) |
15688 |
| 942 ## - ADDED ENTRY ELEMENTS (KOHA) |
| Koha item type |
წიგნი |
| Source of classification or shelving scheme |
|